000 00432 a2200121 4500
001 ART_42742
005 20260410161737.0
008 260409a
245 1 0 _aMacro y micro: las pymes frente al cambio
100 1 _aTigani, Eugenio Pablo
700 1 _aBroda, Miguel Angel
773 0 _tEjecutivos de finanzas
_gA.F.J.P. Medición y evaluación de la perfomance financiera - Año 12, Nº 131 (nov. 1996)
_wREV2863
999 _c18392
_d18392